000 01893nam0a2200313 i 4500
001 RU\NLR\BIBL_A\010458557
005 20260408115347.0
010 _a100
021 _aRU
_b2014-48308
_92920
035 _a(NILC)RuMoRGB-007518093
035 _a(NLR Aleph) 010458557
090 _a9963483
_c9963483
100 _a20140904d2013 u y0rusy50 ca
101 0 _arus
_ager
102 _aRU
105 _ay|||j|||000yy
200 1 _aОт национальной к единой школе
_eучебное пособие по немецкому языку для студентов педагогических университетов
_fДепартамент образования г. Москвы, Гос. бюджет. образоват. учреждение высш. проф. образования г. Москвы "Моск. гор. пед. ун-т" (ГБОУ ВПО МГПУ), Ин-т гуманитар. наук, Каф. зарубеж. филологии
_g[сост.: к.п.н., доц. И.И. Огородникова]
210 _aМосква
_cМосковский городской педагогический университет
_d2013
215 _a247 с.
_d21
606 1 _aНемецкий язык
_xУчебные издания для педагогов
_92424826
_3RU\NLR\AUTH\661443751
686 1 _aШ143.24-93рус329.51
702 1 _aОгородникова
_bИ. И.
_gИрина Ивановна
_4220
712 0 2 _4570
_aМосковский городской педагогический университет
_bИнститут гуманитарных наук
_bКафедра зарубежной филологии
_3RU\NLR\AUTH\880379174
_9424732
801 0 _aRU
_bРГБ
_c20140709
_gRCR
801 1 _aRU
_bРГБ
_c20140709
_2rusmarc
942 _cBOOK
980 _aNBR